Central Library OPAC University of Rajshahi

Contemporary psychotherapies / (Record no. 1407)

MARC details
000 -LEADER
fixed length control field 00808cam a2200277 a 4500
001 - CONTROL NUMBER
control field 1407
003 - CONTROL NUMBER IDENTIFIER
rucl marc code BD-RjUL
005 - DATE AND TIME OF LATEST TRANSACTION
control field 20211208233331.0
008 - FIXED-LENGTH DATA ELEMENTS--GENERAL INFORMATION
fixed length control field 131125s1961 UA a b 001 0 eng c
020 ## - INTERNATIONAL STANDARD BOOK NUMBER
International Standard Book Number 0534074464 (pbk.) :
035 ## - SYSTEM CONTROL NUMBER
System control number (BD-RjUL)1429
040 ## - CATALOGING SOURCE
Original cataloging agency DNLM/DLC
Transcribing agency DLC
Modifying agency DLC
Language of cataloging eng
041 ## - LANGUAGE CODE
Language code of text/sound track or separate title eng
060 ## - NATIONAL LIBRARY OF MEDICINE CALL NUMBER
Classification number WM 420 C761
082 00 - DEWEY DECIMAL CLASSIFICATION NUMBER
Classification number 616.8914
Edition number 19
Author mark and year CON 1961
245 00 - TITLE STATEMENT
Title Contemporary psychotherapies /
Statement of responsibility, etc. [edited by] Morris I Stein
260 ## - PUBLICATION, DISTRIBUTION, ETC. (IMPRINT)
Place of publication, distribution, etc. New York :
Name of publisher, distributor, etc. Free Press of Glencoe,
Date of publication, distribution, etc. c1961
300 ## - PHYSICAL DESCRIPTION
Pagination xv, 335 p. :
Illustrations ill. ;
Size 24 cm.
504 ## - BIBLIOGRAPHY, ETC. NOTE
Bibliography, etc Includes bibliographies and indexes.
650 #0 - SUBJECT ADDED ENTRY--TOPICAL TERM
Topical term or geographic name as entry element Psychotherapy
9 (RLIN) 4168
Topical term or geographic name as entry element Psychotherapy
General subdivision case studies.
9 (RLIN) 4169
700 1# - ADDED ENTRY--PERSONAL NAME
Personal name Stein, Morris I
942 ## - ADDED ENTRY ELEMENTS (KOHA)
Source of classification or shelving scheme Dewey Decimal Classification
Koha item type Books
Holdings
Lost status Source of classification or shelving scheme Damaged status Not for loan Collection code Permanent Location Current Location Shelving location Date acquired Source of acquisition Cost, normal purchase price Total Checkouts Full call number Date last seen Copy number Koha item type
  Dewey Decimal Classification   Not For Loan Non-fiction Central Library, University of Rajshahi Central Library, University of Rajshahi Reading Room 21/09/1965 Zeitlinger 63.00   616.8914 CON 1961 25/11/2013 C-1 Books